Women education and empowerment / (Record no. 51019)

MARC details
000 -LEADER
fixed length control field 00853nam a22002537a 4500
005 - DATE AND TIME OF LATEST TRANSACTION
control field 20110311150921.0
008 - FIXED-LENGTH DATA ELEMENTS--GENERAL INFORMATION
fixed length control field 110311t xxu||||| |||| 00| 0 eng d
010 ## - LCCN (DPL NO)
LC control number ENG-102110
020 ## - INTERNATIONAL STANDARD BOOK NUMBER
International Standard Book Number 9788184840797
Terms of availability 950.00
035 ## - SYSTEM CONTROL NUMBER
System control number EN-85643
037 ## - SOURCE OF ACQUISITION
Source of stock number/acquisition DBAD / PUB
040 ## - CATALOGING SOURCE
Original cataloging agency dpl
Language of cataloging Eng
082 ## - DEWEY DECIMAL CLASSIFICATION NUMBER
Classification number 376.6091724
100 ## - MAIN ENTRY--PERSONAL NAME
9 (RLIN) 26476
245 ## - TITLE STATEMENT
Title Women education and empowerment /
Statement of responsibility, etc edited by Chitranjan Ojha
260 ## - PUBLICATION, DISTRIBUTION, ETC. (IMPRINT)
Place of publication, distribution, etc New Delhi
Name of publisher, distributor, etc Regal Publications
Date of publication, distribution, etc 2010
270 ## - ADDRESS
Address F-159, Rajouri Garden
City New Delhi
Postal code 110027
300 ## - PHYSICAL DESCRIPTION
Extent xiii, 221p.
Dimensions 23cm (Hb)
500 ## - GENERAL NOTE
General note Includes index
650 ## - SUBJECT ADDED ENTRY--TOPICAL TERM
9 (RLIN) 26478
700 ## - ADDED ENTRY--PERSONAL NAME
9 (RLIN) 26477
942 ## - ADDED ENTRY ELEMENTS (KOHA)
Source of classification or shelving scheme Dewey Decimal Classification
Item type English Books
Call number suffix WOM
Classification part 376.6091724
Holdings
Withdrawn status Lost status Source of classification or shelving scheme Damaged status Not for loan Collection code Home library Current library Date acquired Source of acquisition Cost, normal purchase price Total Checkouts Full call number Barcode Date last seen Copy number Cost, replacement price Koha item type
    Dewey Decimal Classification   Not For Loan Non-fiction D.B.Act.Division D.B.Act.Division 11/03/2011 DBAD/PUB 950.00   376.6091724 WOM EN-85643 11/03/2011 1 950.00 English Books

© Delhi Public Library
Hit Counter
free hit counter